LEADER 00825nam a2200241 i 4500 001 000000167476 003 CaOOAMICUS 005 20071204000000.0 008 071204s1973 it u000 u ita u 013 $a144856 040 $aSeMil$bita 100 1 $aAlvaro, Corrado,$d<1895-1956>.$0(OLS)http://semarc/name/8442 245 10$aGente in Aspromonte /$cCorrado Alvaro. 250 $a2. Ed. 260 $aMilano :$bGarzanti,$c1973. 300 $a230 p. ;$c19 cm. 490 0 $aI bianchi 830 2$aI bianchi.$0(OLS)http://semarc/title/401716 850 $aSeMil 852 $aSeMil$W1$xVenegono$y1$m1C II 330$j249079$B118627$CSeMilBibl$Z2$F129512 $81 961 $aRecupero: Altro 996 $6245$aGente in Aspromonte$9(OLS)http://semarc/title/239572 996 $6260$aMilano :$bGarzanti$9(OLS)http://semarc/publisher/29852 LEADER 00902nam a2200229 i 4500 001 000000070266 003 CaOOAMICUS 005 20080813000000.0 008 080813s1925 it u000 u ita u 013 $a41438 040 $aSeMil$bita 100 1 $aBonardi, Dino.$0(OLS)http://semarc/name/35009 245 13$aLe fonti della libertà /$cDino Bonardi ; prefazione di Claudio Treves. 260 $aMilano :$bLa Giustizia,$c1925. 300 $a156 p. ;$c19 cm. 650 4$aDiritti dell'uomo.$0(OLS)http://semarc/subject/2365 650 4$aLibertà.$0(OLS)http://semarc/subject/2732 700 1 $aTreves, Claudio.$0(OLS)http://semarc/name/35010 850 $aSeMil 852 $aSeMil$W1$xVenegono$y1$m2P II 173$j36419$B36419$CSeMilBibl$Z2$F36422 $81 996 $6245$aLe fonti della libertà$9(OLS)http://semarc/title/112730 996 $6260$aMilano :$bLa Giustizia$9(OLS)http://semarc/publisher/42894